ბათუმის შოთა რუსთაველის სახელმწიფო უნივერსიტეტის ბიბლიოთეკა

შუა საუკუნეების ისტორია. ტ. 1 : (ბიბ.ჩანაწერი № 56517)

000 -ლიდერი
ფიქსირებული სიგრძის საკონტროლო ველი 02062nam a2200313Ia 4500
001 - საკონტროლო ნომერი
საკონტროლო ველი 23631
003 - საკონტროლო ნომრის იდენტიფიკატორი
საკონტროლო ველი GE_BSU
005 - ბოლო ოპერაციის თარიღი და დრო
საკონტროლო ველი 20260302162925.0
008 - ფიქსირებული სიგრძის მონაცემთა ელემენტები - ზოგადი ინფორმაცია
ფიქსირებული სიგრძის საკონტროლო ველი 181216s2004||||ge |||||||||||||| ||geo||
020 ## - წიგნის საერთაშორისო სტანდარტული ნომერი
International Standard Book Number 99940-12-08-8 (99940-12-49-5)
040 ## - კატალოგიზაციის წყარო
Transcribing agency GE_BSU
041 ## - ენის კოდი
Language code of text/sound track or separate title geo
080 ## - უნივერსალური ათობითი კლასიფიკაციის ინდექსი
Universal Decimal Classification number 94(100)"04/14"(075.8) შ-93
245 ## - ცნობა სათაურის შესახებ
Title შუა საუკუნეების ისტორია. ტ. 1 :
Remainder of title სახელმძღვანელო /
Statement of responsibility, etc ა.დ. უდალცოვის, ე.ა. კოსმინსკის და ო.ლ. ვაინშტეინის რედ. ; სსრკ მეცნ. აკად., ისტორიის ინ-ტი.
250 ## - გამოცემის ცნობა
Edition statement თარგმ. მე-2 რუს. გამოც.
264 ## - წარმოების, გამოცემის, დისტრიბუციის და სხვა ცნობები
გამოცემის, წარმოების, დისტრიბუციის... ადგილი თბილისი :
გამოცემის, წარმოების, დისტრიბუციის... სახელწოდება თბილ. უნ-ტის გამ-ბა,
გამოცემის, წარმოების, დისტრიბუციის... თარიღი 2004.
300 ## - ფიზიკური აღწერა
Extent 509 გვ. ;
Dimensions 20 სმ.
Accompanying material რუკების სია, გვ. 587
500 ## - ზოგადი შენიშვნა
General note დანართი: ქრონოლოგიური სია, გვ. 575-84.
რუკების სია, გვ. 587
504 ## - BIBLIOGRAPHY, ETC. NOTE
Bibliography, etc ბიბლიოგრაფია: ლიტ-რა ყოველი თავის ბოლოს
653 ## - INDEX TERM--UNCONTROLLED
Uncontrolled term შუა საუკუნეების ისტორია. ტ. 1
653 ## - INDEX TERM--UNCONTROLLED
Uncontrolled term შუა საუკუნეების ისტორიის სახელმძღვანელოები უმაღლესი სასწავლებლებისათვის
653 ## - INDEX TERM--UNCONTROLLED
Uncontrolled term თარგმანები ქართულ ენაზე
700 ## - ADDED ENTRY--PERSONAL NAME
Personal name უდალცოვი, ა.დ.
Relator term რედაქტორი
9 (RLIN) 27031
700 ## - ADDED ENTRY--PERSONAL NAME
Personal name კოსმინსკი, ე.ა.
Relator term რედაქტორი
9 (RLIN) 27032
700 ## - ADDED ENTRY--PERSONAL NAME
Personal name ვაინშტეინი, ო.ლ.
Relator term რედაქტორი
9 (RLIN) 27033
710 ## - ADDED ENTRY--CORPORATE NAME
Corporate name or jurisdiction name as entry element სსრკ მეცნიერებათა აკადემია
Subordinate unit ისტორიის ინსტიტუტი
9 (RLIN) 27034
942 ## - ADDED ENTRY ELEMENTS (KOHA)
Koha item type წიგნი
Source of classification or shelving scheme
ეგზემპლარები
ჩამოწერის სტატუსი დაკარგული ეგზემპლარის სტატუსი კლასიფიკაციის წყარო ან თაროზე გაწყობის სქემა დაზიანების სტატუსი არ გაიცემა მუდმივი მდებარეობა (დაცვის ადგილი) ამჟამინდელი ადგილსამყოფელი თაროზე განთავსების ადგილი შეძენის თარიღი ღირებულება, შესყიდვის ნორმალური ფასი სრული შენახვის შიფრი შტრიხკოდი ბოლო ოპერაციის თარიღი ეგზემპლარის მიმდევრობითი ნომერი (კეტერი?) ფასის ძალაში შესვლის თარიღი ეგზემპლარის სახეობა საჯარო შენიშვნა
          ბათუმის შოთა რუსთაველის სახელმწიფო უნივერსიტეტის მთავარი ბიბლიოთეკა ბათუმის შოთა რუსთაველის სახელმწიფო უნივერსიტეტის მთავარი ბიბლიოთეკა წიგნსაცავი 2018-12-17 12.00 94(100) შ-93 28472 2018-12-17 28472 2018-12-17 წიგნი 12.00 ₾.